[Event "DEM U16w 2011"]
[Site "Oberhof GER"]
[Date "2011.06.14"]
[Round "4"]
[White "Müller, Alexandra"]
[Black "Lange, Anika"]
[Result "1-0"]
[Termination "normal"]
[Board "11"]
[WhiteElo "1696"]
[BlackElo "1637"]
[PlyCount "67"]
[WhiteFideId "24691496"]
[BlackFideId "24693405"]
[EventCountry "GER"]
[EventRounds "9"]
[EventType "swiss"]
[EventDate "2011.06.11"]

1. e4 c5 2. Nf3 Nc6 3. d4 cxd4 4. Nxd4 e5 5. Nb5 d6 6. N1c3 a6 7. Na3 Be6 8.
Nc4 b5 9. Ne3 Nf6 10. Ned5 Be7 11. a4 b4 12. Nxf6+ Bxf6 13. Nd5 Bxd5 14. Qxd5
Qc7 15. Be3 O-O 16. a5 Kh8 17. Bc4 Be7 18. O-O f5 19. exf5 Rxf5 20. f4 Rf6 21.
fxe5 dxe5 22. Bb6 Qc8 23. Qe4 Qf8 24. Rxf6 Qxf6 25. Rf1 Qd6 26. Bd5 Rc8 27. Qg4
Re8 28. Rf7 Bf6 29. Rd7 Qb8 30. Bxc6 Qc8 31. Qh5 Rf8 32. Be4 h6 33. Qg6 Qe8 34.
Qh7# 1-0

[Event "DEM U16w 2011"]
[Site "Oberhof GER"]
[Date "2011.06.14"]
[Round "4"]
[White "Tobianski, Karina"]
[Black "Wulf, Constanze"]
[Result "0-1"]
[Termination "normal"]
[Board "12"]
[WhiteElo "1262"]
[BlackElo "1296"]
[PlyCount "72"]
[WhiteFideId "12937746"]
[BlackFideId "24692379"]
[EventCountry "GER"]
[EventRounds "9"]
[EventType "swiss"]
[EventDate "2011.06.11"]

1. e4 c5 2. c3 d5 3. exd5 Qxd5 4. d4 Nc6 5. Nf3 Bg4 6. dxc5 Qxd1+ 7. Kxd1 e5 8.
b4 a5 9. Bb5 Nge7 10. Kc2 axb4 11. cxb4 O-O-O 12. a3 Bxf3 13. Bxc6 Bxc6 14. f3
Nd5 15. Re1 Ba4+ 16. Kb2 g6 17. Bd2 Bg7 18. Nc3 Nxb4 19. axb4 Rxd2+ 20. Kc1
Rc2+ 21. Kb1 Rxc3 22. Rxa4 Kc7 23. Re4 f5 24. Re2 Re8 25. Rc2 Rb3+ 26. Ka2 Rd3
27. b5 Bh6 28. c6 Rd2 29. Rxd2 Bxd2 30. cxb7 Kxb7 31. Ra6 Ra8 32. Rxa8 Kxa8 33.
Ka3 Kb7 34. Ka4 Kb6 35. h3 e4 36. fxe4 fxe4 0-1

[Event "DEM U16w 2011"]
[Site "Oberhof GER"]
[Date "2011.06.14"]
[Round "4"]
[White "Schäfer, Ann-Kathrin"]
[Black "Freis, Katrin"]
[Result "0-1"]
[Termination "normal"]
[Board "13"]
[WhiteElo "1623"]
[BlackElo "1379"]
[PlyCount "80"]
[WhiteFideId "24615412"]
[BlackFideId "24655783"]
[EventCountry "GER"]
[EventRounds "9"]
[EventType "swiss"]
[EventDate "2011.06.11"]

1. e4 e5 2. f4 exf4 3. Nf3 Nc6 4. Nc3 Bc5 5. d4 Bb4 6. Bc4 Nf6 7. Ng5 O-O 8. e5
d5 9. Bd3 Ne4 10. Ngxe4 dxe4 11. Bxe4 Nxd4 12. O-O Bc5 13. Kh1 Bf5 14. Bxf4
Bxe4 15. Nxe4 Bb6 16. Ng5 Ne6 17. Nxe6 Qxd1 18. Raxd1 fxe6 19. Rd3 Rad8 20. g3
Rd4 21. Rxd4 Bxd4 22. c3 Bxe5 23. Rf3 Bxf4 24. Rxf4 Rxf4 25. gxf4 Kf7 26. Kg2
Kf6 27. Kf2 h6 28. h4 Kf5 29. Kf3 g5 30. fxg5 hxg5 31. hxg5 Kxg5 32. Ke4 Kf6
33. c4 c5 34. b3 a6 35. a3 b5 36. a4 bxc4 37. bxc4 a5 38. Kf4 e5+ 39. Ke4 Ke6
40. Ke3 Kf5 0-1

[Event "DEM U16w 2011"]
[Site "Oberhof GER"]
[Date "2011.06.14"]
[Round "5"]
[White "Spangenberg, Romy"]
[Black "Klek, Hanna-Marie"]
[Result "0-1"]
[Termination "normal"]
[Board "1"]
[WhiteElo "1671"]
[BlackElo "2147"]
[PlyCount "46"]
[WhiteFideId "4627997"]
[BlackFideId "24670057"]
[EventCountry "GER"]
[EventRounds "9"]
[EventType "swiss"]
[EventDate "2011.06.11"]

1. e4 g6 2. d4 Bg7 3. Nc3 d6 4. Be3 a6 5. Qd2 Nd7 6. O-O-O b5 7. f3 Bb7 8. g4
h6 9. h4 c5 10. dxc5 Nxc5 11. Bg2 Rc8 12. Bd4 e5 13. Be3 b4 14. Nd5 b3 15. Kb1
Nxe4 16. fxe4 bxc2+ 17. Qxc2 Rxc2 18. Kxc2 Bxd5 19. Rxd5 Nf6 20. Rd1 Nxg4 21.
Re1 Qa5 22. Nf3 Qxa2 23. Nd2 O-O 0-1

[Event "DEM U16w 2011"]
[Site "Oberhof GER"]
[Date "2011.06.14"]
[Round "5"]
[White "Spiegelberg, Silvia"]
[Black "Düssler, Stefanie"]
[Result "0-1"]
[Termination "normal"]
[Board "3"]
[WhiteElo "1799"]
[BlackElo "1905"]
[PlyCount "48"]
[WhiteFideId "24654450"]
[BlackFideId "4634780"]
[EventCountry "GER"]
[EventRounds "9"]
[EventType "swiss"]
[EventDate "2011.06.11"]

1. d4 f5 2. Nf3 Nf6 3. e3 g6 4. Bd3 Bg7 5. O-O O-O 6. c4 d6 7. Nc3 Qe8 8. e4
fxe4 9. Nxe4 Nc6 10. Re1 Bg4 11. Be3 Nh5 12. Be2 Nf4 13. h3 Nxe2+ 14. Qxe2 Bxf3
15. gxf3 Bxd4 16. Ng5 e5 17. Kh1 Qd7 18. Qc2 Rf6 19. Kg2 Raf8 20. Rh1 Kg7 21.
Rag1 h6 22. Ne4 Qf5 23. Kf1 Bxe3 24. fxe3 Qxf3+ 0-1

[Event "DEM U16w 2011"]
[Site "Oberhof GER"]
[Date "2011.06.14"]
[Round "5"]
[White "Pohl, Theresa"]
[Black "Osmanodja, Filiz"]
[Result "1-0"]
[Termination "normal"]
[Board "4"]
[BlackTitle "FM"]
[WhiteElo "1870"]
[BlackElo "2027"]
[PlyCount "87"]
[BlackFideId "24633569"]
[EventCountry "GER"]
[EventRounds "9"]
[EventType "swiss"]
[EventDate "2011.06.11"]

1. d4 d5 2. c4 dxc4 3. Nf3 Nf6 4. e3 Bg4 5. Bxc4 e6 6. O-O a6 7. Nc3 Nc6 8. Be2
Bd6 9. h3 Bh5 10. Kh1 O-O 11. e4 Bxf3 12. Bxf3 e5 13. d5 Ne7 14. Be3 Nd7 15.
Qc2 Kh8 16. Bg4 g6 17. Bh6 Re8 18. Bg5 Kg7 19. Qd2 f6 20. Bh6+ Kh8 21. Be6 Ng8
22. Be3 Nc5 23. Bg4 Re7 24. b4 Nd7 25. a3 Qf8 26. Be2 Rae8 27. Na4 f5 28. f3
Rf7 29. Qc2 f4 30. Bf2 Rc8 31. Nc5 c6 32. Nxb7 cxd5 33. Qb3 Ndf6 34. Bxa6 Rb8
35. Nxd6 Qxd6 36. Be2 Rc7 37. exd5 Qxd5 38. Qxd5 Nxd5 39. Bc5 Nge7 40. Bd6 Nf5
41. Bxe5+ Kg8 42. Bxc7 Ng3+ 43. Kg1 Nxe2+ 44. Kf2 1-0

[Event "DEM U16w 2011"]
[Site "Oberhof GER"]
[Date "2011.06.14"]
[Round "5"]
[White "Schäfer, Daniela"]
[Black "Schmalhorst, Sophia"]
[Result "1-0"]
[Termination "normal"]
[Board "5"]
[WhiteElo "1946"]
[BlackElo "1878"]
[PlyCount "73"]
[WhiteFideId "4624769"]
[BlackFideId "24682497"]
[EventCountry "GER"]
[EventRounds "9"]
[EventType "swiss"]
[EventDate "2011.06.11"]

1. e4 e5 2. Nf3 Nc6 3. Bb5 a6 4. Ba4 Nf6 5. O-O b5 6. Bb3 Be7 7. d3 d6 8. a4
Rb8 9. axb5 axb5 10. h3 O-O 11. Nc3 Be6 12. Bxe6 fxe6 13. Re1 Nd4 14. Nxd4 exd4
15. Ne2 e5 16. Ng3 g6 17. c3 dxc3 18. bxc3 Kg7 19. Be3 c6 20. Qd2 Kh8 21. Ra7
Ne8 22. Rea1 Bh4 23. Bh6 Rg8 24. Qa2 Qf6 25. Rf7 Qd8 26. Qa7 Nf6 27. Bg7+ Rxg7
28. Rxg7 Rc8 29. Qb7 Rb8 30. Qf7 Ra8 31. Rxa8 Qxa8 32. Qa7 Qxa7 33. Rxa7 d5 34.
exd5 Nxd5 35. Ne4 b4 36. cxb4 Nxb4 37. g3 1-0

[Event "DEM U16w 2011"]
[Site "Oberhof GER"]
[Date "2011.06.14"]
[Round "5"]
[White "Zeller, Elisa"]
[Black "Kühnel, Lena"]
[Result "1/2-1/2"]
[Termination "normal"]
[Board "6"]
[WhiteElo "1795"]
[BlackElo "1893"]
[PlyCount "58"]
[WhiteFideId "24662410"]
[BlackFideId "24640956"]
[EventCountry "GER"]
[EventRounds "9"]
[EventType "swiss"]
[EventDate "2011.06.11"]

1. e4 c5 2. Nf3 e6 3. c4 Nc6 4. Nc3 Nf6 5. Be2 d5 6. d3 dxc4 7. dxc4 Qxd1+ 8.
Bxd1 Be7 9. O-O b6 10. Ba4 Bb7 11. Ne5 Rc8 12. f3 O-O 13. Nxc6 Bxc6 14. Bxc6
Rxc6 15. Rd1 Rd6 16. Be3 Rfd8 17. Rxd6 Bxd6 18. Rd1 Bc7 19. Rxd8+ Bxd8 20. Nb5
a6 21. Nc3 Nd7 22. b3 Bf6 23. Ne2 Ne5 24. a3 Kf8 25. h3 Ke8 26. f4 Nc6 27. e5
Be7 28. Bd2 Kd7 29. Kf2 b5 1/2-1/2

[Event "DEM U16w 2011"]
[Site "Oberhof GER"]
[Date "2011.06.14"]
[Round "5"]
[White "Stolcz, Bianca"]
[Black "Kostré, Margarita"]
[Result "1/2-1/2"]
[Termination "normal"]
[Board "7"]
[WhiteElo "1632"]
[BlackElo "1821"]
[PlyCount "59"]
[WhiteFideId "24654914"]
[BlackFideId "4673344"]
[EventCountry "GER"]
[EventRounds "9"]
[EventType "swiss"]
[EventDate "2011.06.11"]

1. e4 e5 2. Nf3 Nc6 3. Bc4 Nf6 4. Ng5 d5 5. exd5 b5 6. Bxb5 Qxd5 7. Bxc6+ Qxc6
8. O-O Bb7 9. Qf3 Qb6 10. Qb3 Qxb3 11. axb3 h6 12. Nf3 Bxf3 13. gxf3 Nd5 14.
Re1 f6 15. d4 Bd6 16. dxe5 fxe5 17. f4 O-O 18. fxe5 Rae8 19. Bd2 Bxe5 20. c3
Rf5 21. Na3 Nf6 22. f4 Bxf4 23. Rxe8+ Nxe8 24. Bxf4 Rxf4 25. Nb5 Rf5 26. Nxa7
Rg5+ 27. Kf2 Rf5+ 28. Ke3 Rh5 29. Rh1 Nf6 30. Kf3 1/2-1/2

[Event "DEM U16w 2011"]
[Site "Oberhof GER"]
[Date "2011.06.14"]
[Round "5"]
[White "Schätz, Bianca"]
[Black "Müller, Alexandra"]
[Result "1-0"]
[Termination "normal"]
[Board "8"]
[WhiteElo "1802"]
[BlackElo "1696"]
[PlyCount "47"]
[WhiteFideId "24655821"]
[BlackFideId "24691496"]
[EventCountry "GER"]
[EventRounds "9"]
[EventType "swiss"]
[EventDate "2011.06.11"]

1. e4 e5 2. Nf3 Nc6 3. Bc4 Bc5 4. c3 Nf6 5. d4 exd4 6. O-O d5 7. exd5 Nxd5 8.
cxd4 Be7 9. Nc3 Be6 10. Bb5 O-O 11. Ne4 Nb8 12. Neg5 Bf5 13. Bd3 Bxd3 14. Qxd3
g6 15. Qe4 c6 16. Qh4 Nf6 17. Bf4 Nbd7 18. Rfe1 Nh5 19. g4 h6 20. gxh5 hxg5 21.
Nxg5 Kg7 22. hxg6 Rh8 23. Qg3 fxg6 24. Ne6+ 1-0

[Event "DEM U16w 2011"]
[Site "Oberhof GER"]
[Date "2011.06.14"]
[Round "5"]
[White "Rethmann, Kristin"]
[Black "Kuckling, Hannah"]
[Result "1-0"]
[Termination "normal"]
[Board "9"]
[WhiteElo "1780"]
[BlackElo "1775"]
[PlyCount "61"]
[WhiteFideId "24655805"]
[BlackFideId "24603660"]
[EventCountry "GER"]
[EventRounds "9"]
[EventType "swiss"]
[EventDate "2011.06.11"]

1. e4 c5 2. Nf3 e6 3. d4 cxd4 4. Nxd4 Nc6 5. Nc3 Qc7 6. Be3 a6 7. Bd3 b5 8. O-O
Bb7 9. f4 Nxd4 10. Bxd4 Bc5 11. Bxc5 Qxc5+ 12. Kh1 Nf6 13. e5 Nd5 14. Ne4 Qc6
15. Nd6+ Ke7 16. Be4 Qb6 17. Qh5 Raf8 18. Qg5+ f6 19. Qxg7+ Kd8 20. Nf7+ Rxf7
21. Qxf7 Kc7 22. Bxd5 Bxd5 23. Qg7 Qb8 24. Rf2 Qa8 25. Rg1 f5 26. h3 Rg8 27.
Qe7 Qa7 28. Rd2 Qe3 29. Rxd5 exd5 30. Qd6+ Kb7 31. Qxd5+ 1-0

[Event "DEM U16w 2011"]
[Site "Oberhof GER"]
[Date "2011.06.14"]
[Round "5"]
[White "Wulf, Constanze"]
[Black "Serif, Amelie"]
[Result "1/2-1/2"]
[Termination "normal"]
[Board "10"]
[WhiteElo "1296"]
[BlackElo "1475"]
[PlyCount "63"]
[WhiteFideId "24692379"]
[EventCountry "GER"]
[EventRounds "9"]
[EventType "swiss"]
[EventDate "2011.06.11"]

1. d4 g6 2. Nf3 Bg7 3. e3 c5 4. c3 cxd4 5. exd4 Nf6 6. Be2 b6 7. O-O Bb7 8. Bf4
O-O 9. Nbd2 d6 10. Re1 Nc6 11. Qb3 e5 12. dxe5 dxe5 13. Bg5 h6 14. Bxf6 Qxf6
15. Bf1 Rad8 16. Rad1 Qe7 17. Ne4 Rxd1 18. Rxd1 Rd8 19. Rxd8+ Qxd8 20. Qc2 Ne7
21. Qd2 Qxd2 22. Nfxd2 Bd5 23. Bc4 Bxc4 24. Nxc4 f5 25. Ned6 Nc6 26. f3 Kf8 27.
Nd2 Ke7 28. Nb5 a6 29. Na3 b5 30. Nc2 Kd6 31. Kf2 Kd5 32. Ke3 1/2-1/2

[Event "DEM U16w 2011"]
[Site "Oberhof GER"]
[Date "2011.06.14"]
[Round "5"]
[White "Freis, Katrin"]
[Black "Berger, Nadja"]
[Result "0-1"]
[Termination "normal"]
[Board "11"]
[WhiteElo "1379"]
[BlackElo "1730"]
[PlyCount "54"]
[WhiteFideId "24655783"]
[BlackFideId "24692212"]
[EventCountry "GER"]
[EventRounds "9"]
[EventType "swiss"]
[EventDate "2011.06.11"]

1. e4 c5 2. Nf3 g6 3. d4 cxd4 4. Nxd4 Bg7 5. Nc3 Nc6 6. Nf3 Nf6 7. Bc4 O-O 8.
O-O d6 9. Bf4 a6 10. e5 Nh5 11. Bg5 Nxe5 12. Nxe5 Bxe5 13. Nd5 Nf6 14. Nxf6+
exf6 15. Bh4 Qb6 16. Rb1 Qb4 17. Qe2 d5 18. c3 Qxc4 19. Qxc4 dxc4 20. f4 Bd6
21. Bxf6 Bc5+ 22. Bd4 Bxd4+ 23. cxd4 Bf5 24. Rbc1 Bd3 25. Rfd1 Rfd8 26. b3 b5
27. bxc4 bxc4 0-1

[Event "DEM U16w 2011"]
[Site "Oberhof GER"]
[Date "2011.06.14"]
[Round "5"]
[White "Rahimi, Rozafa"]
[Black "Lange, Anika"]
[Result "0-1"]
[Termination "normal"]
[Board "12"]
[WhiteElo "1530"]
[BlackElo "1637"]
[PlyCount "110"]
[WhiteFideId "24692280"]
[BlackFideId "24693405"]
[EventCountry "GER"]
[EventRounds "9"]
[EventType "swiss"]
[EventDate "2011.06.11"]

1. d4 d5 2. Bf4 e6 3. Nf3 c5 4. c3 Nc6 5. e3 Nf6 6. Bd3 Bd6 7. Bg3 O-O 8. Nbd2
Qe7 9. Bh4 e5 10. dxe5 Nxe5 11. Nxe5 Bxe5 12. Nf3 Bc7 13. O-O a6 14. Re1 Qd6
15. Bxf6 Qxf6 16. Qc2 h6 17. e4 dxe4 18. Bxe4 Rb8 19. Rad1 Be6 20. Bd5 Bf5 21.
Be4 Bxe4 22. Rxe4 Rfe8 23. Rxe8+ Rxe8 24. Kf1 b5 25. Rd7 Re7 26. Rd5 c4 27. Qd1
Qe6 28. h3 Kf8 29. Ne1 Ke8 30. Nc2 Rd7 31. Rxd7 Qxd7 32. Qxd7+ Kxd7 33. Ke2 Ke6
34. Ke3 g5 35. Nd4+ Ke5 36. Nc6+ Kd6 37. Nd4 Ke5 38. g3 Bb6 39. a3 a5 40. f3 f6
41. f4+ gxf4+ 42. gxf4+ Kd5 43. Kf3 Bxd4 44. cxd4 Kxd4 45. Kg4 c3 46. bxc3+
Kxc3 47. Kf5 b4 48. axb4 axb4 49. Kxf6 b3 50. Kg6 b2 51. Kxh6 b1=Q 52. h4 Qf5
53. h5 Qxf4+ 54. Kg6 Qg4+ 55. Kh6 Kd4 0-1

[Event "DEM U16w 2011"]
[Site "Oberhof GER"]
[Date "2011.06.14"]
[Round "5"]
[White "Tobianski, Karina"]
[Black "Schäfer, Ann-Kathrin"]
[Result "0-1"]
[Termination "normal"]
[Board "13"]
[WhiteElo "1262"]
[BlackElo "1623"]
[PlyCount "60"]
[WhiteFideId "12937746"]
[BlackFideId "24615412"]
[EventCountry "GER"]
[EventRounds "9"]
[EventType "swiss"]
[EventDate "2011.06.11"]

1. e4 e6 2. d4 d5 3. exd5 exd5 4. Nf3 Bd6 5. Nc3 c6 6. Be2 Bf5 7. O-O Nd7 8.
Re1 Ne7 9. Nh4 Be6 10. Bg4 Nf8 11. f4 Qc7 12. Qf3 O-O-O 13. Bxe6+ Nxe6 14. Qg4
h5 15. Qg3 Nxd4 16. Qd3 Ne6 17. Ne2 Rde8 18. Nf5 Nxf5 19. Qxf5 Bc5+ 20. Kh1 Kb8
21. Bd2 g6 22. Qh3 Re7 23. b4 Bd6 24. Qh4 Rhe8 25. a4 Ng7 26. Nd4 Re4 27. Ne2
Rxe2 28. Rxe2 Rxe2 29. Bc3 Nf5 30. Qh3 Re3 0-1

[Event "DEM U16w 2011"]
[Site "Oberhof GER"]
[Date "2011.06.16"]
[Round "7"]
[White "Pohl, Theresa"]
[Black "Klek, Hanna-Marie"]
[Result "0-1"]
[Termination "normal"]
[Board "1"]
[WhiteElo "1870"]
[BlackElo "2147"]
[PlyCount "86"]
[BlackFideId "24670057"]
[EventCountry "GER"]
[EventRounds "9"]
[EventType "swiss"]
[EventDate "2011.06.11"]

1. d4 g6 2. c4 Bg7 3. Nc3 Nf6 4. e4 d6 5. f4 O-O 6. Nf3 c5 7. d5 e6 8. Bd3 exd5
9. cxd5 b5 10. Bxb5 Nxe4 11. Nxe4 Qa5+ 12. Nc3 Bxc3+ 13. bxc3 Qxb5 14. Be3 Re8
15. Qd2 Nd7 16. Rc1 Qc4 17. Qe2 Qe4 18. Kf2 Nf6 19. h3 Ba6 20. c4 Nxd5 21. Rhe1
Nb4 22. Rc3 Bxc4 23. Qxc4 Qxc4 24. Rxc4 Nd3+ 25. Ke2 Nxe1 26. Nxe1 d5 27. Rxc5
d4 28. Nc2 dxe3 29. Nxe3 Rac8 30. Rd5 Rc3 31. Rd3 Rxd3 32. Kxd3 f5 33. g3 Re4
34. a3 Kf7 35. Nc4 Ke6 36. Ne3 Kd6 37. Nc4+ Kc5 38. Ne3 Kb5 39. Nd5 Re1 40.
Nc3+ Ka5 41. a4 Rg1 42. Ne2 Rh1 43. h4 Kxa4 0-1

[Event "DEM U16w 2011"]
[Site "Oberhof GER"]
[Date "2011.06.16"]
[Round "7"]
[White "Osmanodja, Filiz"]
[Black "Düssler, Stefanie"]
[Result "1/2-1/2"]
[Termination "normal"]
[Board "3"]
[WhiteTitle "FM"]
[WhiteElo "2027"]
[BlackElo "1905"]
[PlyCount "102"]
[WhiteFideId "24633569"]
[BlackFideId "4634780"]
[EventCountry "GER"]
[EventRounds "9"]
[EventType "swiss"]
[EventDate "2011.06.11"]

1. c4 c6 2. g3 Nf6 3. Bg2 d5 4. Nf3 Bg4 5. Ne5 Be6 6. O-O Nbd7 7. f4 dxc4 8.
Nf3 Bd5 9. Nc3 Ne4 10. Nd4 Nxc3 11. dxc3 Nf6 12. Qc2 Bxg2 13. Kxg2 Qd5+ 14. Nf3
Qe4 15. Qxe4 Nxe4 16. Be3 Nd6 17. a4 e6 18. a5 Be7 19. Ra4 O-O 20. Rfa1 Rfd8
21. g4 Ne4 22. Rxc4 Nf6 23. Kg3 Nd5 24. Bf2 Bd6 25. e3 Rac8 26. Nd4 c5 27. Nb5
Bb8 28. a6 b6 29. Rd1 g5 30. Kf3 h6 31. Bg3 gxf4 32. exf4 Nc7 33. Rxd8+ Rxd8
34. Nxc7 Bxc7 35. b4 Bd6 36. b5 f5 37. h3 Kf7 38. Bh4 Rd7 39. g5 Bf8 40. Ke2
Be7 41. Ra4 hxg5 42. fxg5 e5 43. Ra1 Kg6 44. Rg1 Rd5 45. Bf2 c4 46. Rd1 Rxd1
47. Kxd1 Bd8 48. h4 f4 49. Ke2 e4 50. Bd4 Bc7 51. Kf2 Kf5 1/2-1/2

[Event "DEM U16w 2011"]
[Site "Oberhof GER"]
[Date "2011.06.16"]
[Round "7"]
[White "Spiegelberg, Silvia"]
[Black "Kühnel, Lena"]
[Result "1/2-1/2"]
[Termination "normal"]
[Board "4"]
[WhiteElo "1799"]
[BlackElo "1893"]
[PlyCount "70"]
[WhiteFideId "24654450"]
[BlackFideId "24640956"]
[EventCountry "GER"]
[EventRounds "9"]
[EventType "swiss"]
[EventDate "2011.06.11"]

1. e4 c5 2. Nf3 e6 3. d4 cxd4 4. Nxd4 a6 5. Bd3 Nc6 6. Nxc6 dxc6 7. O-O Bc5 8.
Qe2 e5 9. Nd2 Nf6 10. h3 h5 11. Nf3 Qc7 12. a3 b5 13. b4 Bd6 14. c4 Be6 15. Ng5
Bxc4 16. Bxc4 bxc4 17. Qxc4 O-O 18. Be3 a5 19. Bc5 Bxc5 20. bxc5 Rfd8 21. Rfd1
Nh7 22. Nxh7 Kxh7 23. Rd6 Rxd6 24. cxd6 Qxd6 25. Qxf7 Qd4 26. Qxh5+ Kg8 27. Re1
Rb8 28. Qd1 Rb2 29. Qf3 Rd2 30. Rb1 Rb2 31. Rd1 Rd2 32. Qb3+ Kh7 33. Rxd2 Qxd2
34. Qf3 Kg8 35. Kh2 c5 1/2-1/2

[Event "DEM U16w 2011"]
[Site "Oberhof GER"]
[Date "2011.06.16"]
[Round "7"]
[White "Schmalhorst, Sophia"]
[Black "Spangenberg, Romy"]
[Result "1-0"]
[Termination "normal"]
[Board "5"]
[WhiteElo "1878"]
[BlackElo "1671"]
[PlyCount "93"]
[WhiteFideId "24682497"]
[BlackFideId "4627997"]
[EventCountry "GER"]
[EventRounds "9"]
[EventType "swiss"]
[EventDate "2011.06.11"]

1. e4 c5 2. Nf3 e6 3. Nc3 Nc6 4. d4 cxd4 5. Nxd4 Nf6 6. Ndb5 d6 7. Bf4 e5 8.
Bg5 a6 9. Na3 b5 10. Nd5 Be7 11. Bxf6 Bxf6 12. c3 Bg5 13. Nc2 O-O 14. a4 bxa4
15. Rxa4 Bb7 16. b4 Ne7 17. Bc4 Kh8 18. O-O f5 19. Nxe7 Qxe7 20. exf5 Rxf5 21.
Bd5 Rf6 22. Ra5 Rc8 23. Bxb7 Qxb7 24. Qd3 Rc6 25. Rfa1 Qa7 26. Ne3 Bxe3 27.
fxe3 Rf8 28. Rxa6 Rxa6 29. Rxa6 Qf7 30. Qe2 Qb3 31. Qe1 Rd8 32. h3 h6 33. Qh4
Rc8 34. Rxd6 Qxc3 35. Rd8+ Rxd8 36. Qxd8+ Kh7 37. Qb6 e4 38. Qd4 Qc1+ 39. Kh2
Qc7+ 40. Kg1 Qc1+ 41. Kf2 Qc2+ 42. Kg3 Qc7+ 43. Kg4 Qc2 44. Kf4 Qf2+ 45. Ke5
Qg3+ 46. Kd5 Qg5+ 47. Qe5 1-0

[Event "DEM U16w 2011"]
[Site "Oberhof GER"]
[Date "2011.06.16"]
[Round "7"]
[White "Polert, Annika"]
[Black "Schätz, Bianca"]
[Result "1-0"]
[Termination "normal"]
[Board "6"]
[WhiteElo "1718"]
[BlackElo "1802"]
[PlyCount "113"]
[WhiteFideId "24692328"]
[BlackFideId "24655821"]
[EventCountry "GER"]
[EventRounds "9"]
[EventType "swiss"]
[EventDate "2011.06.11"]

1. e4 c5 2. Nf3 Nc6 3. d4 cxd4 4. Nxd4 g6 5. c4 Bg7 6. Nc2 Nf6 7. Nc3 d6 8. Be2
O-O 9. Be3 a6 10. O-O Bd7 11. Rc1 Na7 12. Nb4 Ne8 13. Nbd5 Nc8 14. Qd2 e6 15.
Nb4 Nc7 16. Rfd1 a5 17. Nc2 Bc6 18. Bf4 e5 19. Bg5 f6 20. Be3 Qe7 21. Nd5 Bxd5
22. cxd5 f5 23. f3 Qd8 24. Na3 Na6 25. Nb5 b6 26. a3 Nc5 27. Qc2 Na7 28. b4
axb4 29. axb4 Nxb5 30. Bxb5 Na6 31. Qb3 Nb8 32. Bc6 Ra7 33. Ra1 Rff7 34. b5
fxe4 35. fxe4 Qc7 36. Qb2 Nd7 37. Rxa7 Qxa7 38. Ra1 Qc7 39. Ra8+ Bf8 40. Bxd7
Rxd7 41. Qc1 Qxc1+ 42. Bxc1 Kf7 43. Rb8 Ra7 44. Bg5 Be7 45. Bxe7 Kxe7 46. Rxb6
Kd7 47. Rc6 Ra4 48. b6 Rxe4 49. Rc7+ Kd8 50. Rxh7 Rb4 51. b7 Rb2 52. h4 e4 53.
b8=Q+ Rxb8 54. Rh8+ Kc7 55. Rxb8 Kxb8 56. g4 Kc7 57. h5 1-0

[Event "DEM U16w 2011"]
[Site "Oberhof GER"]
[Date "2011.06.16"]
[Round "7"]
[White "Serif, Amelie"]
[Black "Müller, Alexandra"]
[Result "0-1"]
[Termination "normal"]
[Board "7"]
[WhiteElo "1475"]
[BlackElo "1696"]
[PlyCount "60"]
[BlackFideId "24691496"]
[EventCountry "GER"]
[EventRounds "9"]
[EventType "swiss"]
[EventDate "2011.06.11"]

1. d4 d5 2. Nf3 e6 3. e3 c5 4. b3 Nf6 5. Bb2 b6 6. Bd3 Be7 7. Ne5 O-O 8. Nd2
Bb7 9. f4 Nc6 10. a3 a5 11. Qf3 Qc7 12. g4 Rfd8 13. g5 Nxe5 14. fxe5 Nd7 15.
Rf1 Rf8 16. Qh3 g6 17. Qg4 Ba6 18. Bxa6 Rxa6 19. c4 Qd8 20. h4 Nb8 21. Rc1 a4
22. bxa4 Rxa4 23. Rh1 dxc4 24. Rxc4 Rxc4 25. Nxc4 Qd5 26. Rh2 Qxc4 27. h5 Qd3
28. Bc1 Nc6 29. Qh4 cxd4 30. e4 Nxe5 0-1

[Event "DEM U16w 2011"]
[Site "Oberhof GER"]
[Date "2011.06.16"]
[Round "7"]
[White "Kostré, Margarita"]
[Black "Rethmann, Kristin"]
[Result "0-1"]
[Termination "normal"]
[Board "8"]
[WhiteElo "1821"]
[BlackElo "1780"]
[PlyCount "118"]
[WhiteFideId "4673344"]
[BlackFideId "24655805"]
[EventCountry "GER"]
[EventRounds "9"]
[EventType "swiss"]
[EventDate "2011.06.11"]

1. e4 d6 2. d4 Nf6 3. Nc3 e5 4. Nf3 exd4 5. Nxd4 Be7 6. Bc4 O-O 7. O-O Re8 8.
f4 Bf8 9. Qd3 Nbd7 10. Bxf7+ Kxf7 11. Qc4+ d5 12. Nxd5 Bc5 13. Nxf6+ Kxf6 14.
e5+ Ke7 15. f5 Kf8 16. e6 Bxd4+ 17. Qxd4 Nf6 18. Qh4 Bxe6 19. fxe6 Kg8 20. Re1
Qd6 21. Qc4 Re7 22. Bf4 Qb6+ 23. Kh1 Rae8 24. Re2 a6 25. b3 Qb5 26. Qxb5 axb5
27. Rae1 h6 28. Bd2 c5 29. Re5 b6 30. b4 Rc7 31. Be3 Ng4 32. Re4 Nxe3 33. R4xe3
cxb4 34. Rb3 Rxc2 35. Rxb4 Rxa2 36. Rxb5 Rxe6 37. Reb1 Rae2 38. Kg1 Re1+ 39.
Rxe1 Rxe1+ 40. Kf2 Re6 41. g4 Kf7 42. Kf3 Ke7 43. g5 hxg5 44. Rxg5 g6 45. h4
Kd6 46. h5 gxh5 47. Rxh5 Kc6 48. Rh8 Kc5 49. Rb8 b5 50. Kf2 Kc4 51. Rc8+ Kb3
52. Kf3 b4 53. Kf4 Kb2 54. Kf3 b3 55. Rh8 Ka2 56. Ra8+ Kb1 57. Rh8 b2 58. Kf4
Ra6 59. Rh1+ Ka2 0-1

[Event "DEM U16w 2011"]
[Site "Oberhof GER"]
[Date "2011.06.16"]
[Round "7"]
[White "Zeller, Elisa"]
[Black "Kuckling, Hannah"]
[Result "1/2-1/2"]
[Termination "normal"]
[Board "9"]
[WhiteElo "1795"]
[BlackElo "1775"]
[PlyCount "78"]
[WhiteFideId "24662410"]
[BlackFideId "24603660"]
[EventCountry "GER"]
[EventRounds "9"]
[EventType "swiss"]
[EventDate "2011.06.11"]

1. e4 c5 2. Nf3 Nc6 3. d4 cxd4 4. Nxd4 e6 5. b3 Qc7 6. Nb5 Qe5 7. N5c3 Bb4 8.
Bd2 d5 9. f4 Qd4 10. exd5 exd5 11. Bd3 Nge7 12. a3 Ba5 13. Qf3 O-O 14. Kd1 Ne5
15. Bxh7+ Kxh7 16. Qh5+ Kg8 17. Qxe5 Qxe5 18. fxe5 Bc7 19. Re1 a6 20. h3 Be6
21. Bf4 Ng6 22. Bh2 Rfe8 23. Nd2 f6 24. Nf3 fxe5 25. Nxe5 Nxe5 26. Bxe5 Bxe5
27. Rxe5 Bg4+ 28. Re2 Bxe2+ 29. Nxe2 Re5 30. Kd2 Rae8 31. Nd4 Re4 32. c3 Re3
33. Rf1 Rg3 34. Rf2 g6 35. Nf3 Kg7 36. a4 b5 37. axb5 axb5 38. Kd3 Ra8 39. Kd4
Rd8 1/2-1/2